Music Quiz

Random Music or Song Quiz

Every Songs Quiz Stats

 Plays Quiz not verified by Sporcle

Score 0/19 Timer 06:00
0 Plays Today
Artist Song % Correct
The PoliceEvery Breath You Take
88.3%
Bryan AdamsEverything I Do
71.1%
PoisonEvery Rose Has Its Thorn
54.7%
The PoliceEvery Little Thing She Does Is Magic
45.3%
Johnny CashI've Been Everywhere
39.1%
R.E.M.Everybody Hurts
35.9%
Tears For FearsEverybody Wants To Rule The World
32%
Sheryl CrowEveryday Is A Winding Road
27.3%
Chaka KhanI'm Every Woman
21.1%
Peggy WoodClimb Every Mountain
18.8%
Artist Song % Correct
Ray StevensEverything Is Beautiful
15.6%
Dean MartinEverybody Loves Somebody
14.1%
Elvis CostelloEvery Day I Write The Book
12.5%
Andy GibbI Just Want To Be Your Everything
10.9%
Amy GrantEvery Heartbeat
9.4%
Barry WhiteYou're The First, The Last, My Everything
8.6%
Billy SquierEverybody Wants You
8.6%
Eddie RabbitEvery Which Way But Loose
8.6%
Elvis PresleyIf Every Day Was Like Christmas
2.3%

You're not logged in!

Compare scores with friends on all Sporcle quizzes.
OR
Log In

Show Comments

Extras

Top Quizzes Today


Score Distribution

Your Account Isn't Verified!

In order to create a playlist on Sporcle, you need to verify the email address you used during registration. Go to your Sporcle Settings to finish the process.

Report this User

Report this user for behavior that violates our Community Guidelines.

Details: